Steel Ships, Their Construction and Maintenance: A Manual for Shipbuilders, Ship Superintendents, Students and Marine Engineers (Record no. 728)

000 -LEADER
fixed length control field 00486nam a2200145 4500
008 - FIXED-LENGTH DATA ELEMENTS--GENERAL INFORMATION
fixed length control field 191122b ||||| |||| 00| 0 eng d
082 00 - DEWEY DECIMAL CLASSIFICATION NUMBER
Classification number 623.8
Item number W238
100 ## - MAIN ENTRY--PERSONAL NAME
9 (RLIN) 254
Personal name Walton, Thomas
245 10 - TITLE STATEMENT
Title Steel Ships, Their Construction and Maintenance: A Manual for Shipbuilders, Ship Superintendents, Students and Marine Engineers
250 ## - EDITION STATEMENT
Edition statement 8th ed.
260 ## - PUBLICATION, DISTRIBUTION, ETC. (IMPRINT)
Place of publication, distribution, etc London
Name of publisher, distributor, etc Charles Griffin
Date of publication, distribution, etc 1944
300 ## - PHYSICAL DESCRIPTION
Extent xi, 280 p.
650 #0 - SUBJECT ADDED ENTRY--TOPICAL TERM
Topical term or geographic name as entry element Naval Architecture
942 ## - ADDED ENTRY ELEMENTS (KOHA)
Source of classification or shelving scheme
Item type Books
Holdings
Withdrawn status Lost status Source of classification or shelving scheme Damaged status Not for loan Permanent location Current location Date acquired Full call number Barcode Date last seen Koha item type
          IMU Kolkata IMU Kolkata 1952-10-10 623.8 W238 00178 2019-11-22 Books
Designed and Maintained by IMU-KC Library, Kolkata Campus © Copyright All Rights Reserved

webs counters

Powered by Koha